header

Public passions (Record no. 234691)

MARC details
000 -LEADER
fixed length control field 01966nam a2200373 a 4500
082 04 - DEWEY DECIMAL CLASSIFICATION NUMBER
Classification number 951.0/2
100 1# - MAIN ENTRY--AUTHOR NAME
Personal name Lean, Eugenia,
245 10 - TITLE STATEMENT
Title Public passions
260 ## - PUBLICATION, DISTRIBUTION, ETC. (IMPRINT)
Place of publication Berkeley :
Name of publisher University of California Press,
Year of publication c2007.
300 ## - PHYSICAL DESCRIPTION
Number of Pages xiv, 290 p. :
Other physical details ill.
505 0# - FORMATTED CONTENTS NOTE
Formatted contents note The assassin and her revenge: a tale of moral heroism and female self-fashioning in an age of mass communication -- Media sensation: public justice and the sympathy of an urban audience -- Highbrow ambivalence: fear of the masses and feminized sentiment -- The trial: courtroom spectacle and ethical sentiment in the rule of law -- A state pardon: sanctioned violence under Nationalist rule -- Beyond the 1930s: from wartime patriotism to counter-revolutionary sentiment.
650 #0 - SUBJECT ADDED ENTRY--TOPICAL TERM
Topical Term Trials (Assassination)
856 40 - ELECTRONIC LOCATION AND ACCESS
Uniform Resource Identifier http://site.ebrary.com/lib/rucke/Doc?id=10190620

No items available.

© 2026 Rongo University
Contact us: librarian | system librarian | Rongo university